000 00176 a2200085 4500
100 _agatley, Donald P.
245 _aUnderstanding psychometrics
250 _a3rd ed.
260 _bASHRAE
999 _c204
_d204